00498nam a2200157Ia 4500003000900000008004100009020001800050040001600068080001600084100002300100245013900123260003300262300001000295650001900305650001600324IN-BaIIA211028s9999 xx 000 0 eng d a0-07-099031-X cIIA Library a519.21bLIP aLipschutz, Seymour 0aSchaum's outline of theory and problems of probability si (Metric) editioncSeymour Lipschutz  aSingaporebMcGraw-Hillc1982 a152p. aNASA thesaurus aProbability